| 000 | 00629nmc a2200253 a 4500 | ||
|---|---|---|---|
| 003 | AR-BaBNM | ||
| 005 | 20251128211402.0 | ||
| 008 | 154020s1997 ||||||||||||||000 | spa|| | ||
| 020 | _a987-9243-02-1 | ||
| 040 | _cAR-BaBNM | ||
| 100 | 1 | _aFerreyra, Gustavo Alejandro | |
| 245 | 1 | 0 | _aEl perdón |
| 260 |
_aBuenos Aires _bEdiciones Simurg _c1997 |
||
| 300 | _a157 p. | ||
| 490 | 0 | _aCuadernos de extramuros | |
| 650 | 4 | _aLITERATURA ARGENTINA | |
| 650 | 4 | _aLITERATURA CONTEMPORANEA | |
| 650 | 4 | _aCUENTOS | |
| 653 | _aNARRATIVA | ||
| 655 | _aLITERATURA | ||
| 800 | 1 | _aSaítta, Sylvia | |
| 942 | _cBK | ||
| 998 | _cmartin | ||
| 999 |
_c19451 _d19451 |
||